| 000 | 00721nam a2200229 i 4500 | ||
|---|---|---|---|
| 001 | 175952 | ||
| 003 | ES-MaACL | ||
| 005 | 20250516155431.0 | ||
| 008 | 101202s1975 sp f |||| |bspa d | ||
| 020 | _a84-387-0004-7 | ||
| 080 | _a929 Verdi, Giuseppe | ||
| 080 | _a78 Verdi, Giuseppe | ||
| 100 | 1 |
_aRuiz Tarazona, Andrés. _9100932 |
|
| 245 | 1 | 0 |
_aGiuseppe Verdi _b: alma del "risorgimento" / _cAndrés Ruiz Tarazona. |
| 260 |
_aMadrid : _bReal Musical, _c[1975] |
||
| 300 |
_a83, [4] p. de lám. ; _c16 cm. |
||
| 490 | 1 |
_aMúsicos ; _v5 |
|
| 600 | 1 | 4 |
_aVerdi, Giuseppe, _d1813-1901 _9240500 |
| 830 | 0 |
_aMúsicos ; _v5 _9189862 |
|
| 852 |
_aES-MaACL _j2268-F-5 _xOlim P-102 |
||
| 999 |
_c175952 _d175952 |
||